000 01712nam a2200361 a 4500
001 BRCA_8627
005 20190320210341.0
008 210916s1719----sp-a######---#000-0#spa-#
041 _aspa
044 _asp
050 4 _aNA2760
_b.F47
_c1719
100 1 _aFerrer, Bartolome
_921543
245 1 0 _aCuriosidades utiles arithmetica geometria y architectonica osea la regla de oro arithmetica el buen zelo tratado geometrico y el curioso architecto o cartilla de architectura
_cBartolome Ferrer.
260 _aMadrid
_bEusebio fernandez de huerta
_c1719
300 _a239 p.
_bil.
_c21 cm
500 _aFondo antiguo
500 _aSe encuentra en Caja Fuerte
500 _aLM-25
500 _aCon dedicatoria: al Exc. mo Señor D. Juan Manuel Fernandez Pacheco, Marquez de Villena, y de Maya, Duque de Escalona, &c.
500 _aCon aprobación de Don Vicencio Squarcafigo Centurion y Arriola, Licencia del ordinario, fe de erratas y tassa
500 _aIncluye tabla de lo que contiene este libro por capitulos
500 _aContiene prólogo al lector
500 _aIncluye láminas
500 _aUso de letras capítulares y viñetas al final de los capítulos
500 _aEstado físico: el documento presenta una mancha de tinta en la p.91
500 _aNota de encuadernación: deteriorada, en piel pergamino y desprendida del lomo
506 0 _aFondo reservado: para su consulta es necesario credencial de usuario y carta de motivos
650 1 4 _aAritmética
_vTrabajos anteriores a 1800
_921544
650 1 4 _aArquitectura
_eComposición, proporción
_vTrabajos anteriores a 1800
_921545
650 1 4 _aGeometría
_vTrabajos anteriores a 1800
_921546
902 _aLAR
942 _2lcc
_cB
999 _c8287
_d8287